000 00804nam a2200241Ia 4500
003 OSt
005 20220923214704.0
006 a|||||r|||| 00| 0
007 ta
008 220922b |||||||| |||| 00| 0 hin d
024 _a171,650
037 _cTextual
040 _aARTS
_cARTS
_bhin
041 _2hin
_ahin
082 _aO152:3N25:25, L4-;1-;2
100 _aलाल, लक्ष्मीनारायण
245 0 _aहरा समन्दर गोपीचन्दर
246 _aHarā sahindar gopīchandara
260 _aदिल्ली
_b राजपाल एण्ड सन्ज
_c1974
300 _a187पृ.
_ccm.
942 _hO152:3N25:25, L4-;1-;2
_cTEXL
_2CC
999 _c325802
_d325802